LEADER 01410nas a2200337 u 4500 001 000000008198 003 CaOOAMICUS 005 20160531135736.0 008 940516c19409999sp qr p u0 u spa u 022 $a0210-7112 032 $aLibriCat 035 $a10211346 040 $aPUL$bita 130 0 $aRevista Española de Teología$g[Spogli].$0(OLS)http://pul/title/11973 245 10$aRevista Española de Teología. 260 $aMadrid :$bEl Instituto,$c1940- 300 $av. :$btav. ;$c23 cm 310 $aTrimestral 362 0 $aVol. 1, fasc. 1- 510 2 $aMLA international bibliography of books and articles on the modern languages and literatures (Complete edition)$x0024-8215 515 $aVols. for. called also 555 $aNel 2016 viene pubblicato un volume di "Indices ...1940-2015" 650 0$aTheology$xPeriodicals.$2//eng$0(OLS)http://pul/subject/1693 710 2 $aInstituto Francisco Suarez.$0(OLS)http://pul/name/6084 850 $aPUL 852 $aPUL$W1$xSL Riviste Correnti$y14$m3-210/SL230.05Riv.32/DP1366.E$j11589$nSE-PRI$bV.1 (1940)-$qPeriodici$B11589$CPULBib$Z2$F11589 $82 941 1 $a5 996 $6022$a0210-7112$9(OLS)http://pul/number/10570 996 $6245$aRevista Española de Teología$9(OLS)http://pul/title/11974 996 $6260$aMadrid :$bEl Instituto$9(OLS)http://pul/publisher/52000 LEADER 01456nam a2200301 u 4500 001 000000029543 003 CaOOAMICUS 005 20070226111928.0 008 970411s1997 it u000 u eng u 020 $a8890013834 035 $a10758603 040 $aEFR$bita 100 1 $aDronke, Peter.$0(OLS)http://pul/name/15797 240 10$aGruppi, scelte$9(Dronke, Peter).$0(OLS)http://pul/title/40454 245 10$aSources of inspiration :$bstudies in Literary trasformations, 400-1500 /$cPeter Dronke. 260 $aRoma :$bEdizioni di Storia e Letteratura,$c1997. 300 $a409 p. ;$c25 cm 490 1 $aStoria e letteratura ;$v196 500 $aDans la préface " ... a year or so ago, Maddalena De Luca asked me for a further volume of collected essays for the "Storia e Letteratura" series ... ". 500 $aIndex: p. [398]-409. 504 $aBibliographie en note. 830 0$aStoria e letteratura (Edizioni di storia e letteratura) ;$v196.$0(OLS)http://pul/title/1028 850 $aPUL 852 $aPUL$W1$xDP1 Cons. Gen., Altre Classi 1$y22$m1039 G 1.196$j179816$nBK-PRI$b $qStampati$B40920$CPULBib$Z2$F40920 $H100633 $81 941 1 $a8 996 $6020$a8890013834$9(OLS)http://pul/number/36988 996 $6245$aSources of inspiration :$bstudies in Literary trasformations, 400-1500$9(OLS)http://pul/title/40455 996 $6260$aRoma :$bEdizioni di Storia e Letteratura$9(OLS)http://pul/publisher/48123